000 00875nam a2200253 a 4500
005 20241012063751.0
008 991125s1990 mx 000 0 spa u
035 _aUPN01000001343
049 _aI
050 4 _aLB1028.68
_bA46 1990
245 0 4 _aLos ahorcados.
250 _a2a ed.
260 _aMéxico :
_bETRATEC,
_c1990.
300 _a3 v. :
_bil.
440 0 _aGalileo.
_pComputadoras en la educación
505 8 _aContenido: Guía para el maestro -- Cuaderno de ejercicios -- Manual de operación
500 _aLa biblioteca tiene: Cuaderno de ejercicios y manual de operación
500 _aIncluye un disquete de 31/2 para los tres volúmenes
650 4 _aEspañol
_xGramática
_xEstudio y enseñanza (Elemental)
_913348
650 4 _aINSTRUCCION MEDIANTE COMPUTADOR
_94980
650 4 _aJuegos educativos
_93952
905 _aInfantil
999 _c1343
_d1343